000 00458nam a2200193Ia 4500
003 GCL
008 140319s9999 xx 000 0 eng d
040 _aGCL /
_cGCL
082 0 4 _a937
_bK E
100 1 _aBALLUNGE , GUY
245 1 0 _aLES ETRUSUGER /
_cBALLUNGE , GUY
700 1 _aKELLER, WERNER
260 _a[S.N] :
_bFAYARD ،
_c1976
300 _a477
650 0 4 _aHISTORY
650 0 4 _aANCIENT ROME
650 0 4 _aROMAN HISTORY
942 _2ddc
_cBK
999 _c25473
_d25473